SOLID STATE DEVICE THEORY WITH ILLUSTRATIVE PROBLEMS (Record no. 582351)

000 -LEADER
fixed length control field 00306nam a22001217a 4500
020 ## - INTERNATIONAL STANDARD BOOK NUMBER
International Standard Book Number 07-015002-8
082 ## - DEWEY DECIMAL CLASSIFICATION NUMBER
Classification number 621.381 CUT'S
100 ## - MAIN ENTRY--PERSONAL NAME
Personal name CUTLER, PHILLIP
9 (RLIN) 77035
245 ## - TITLE STATEMENT
Title SOLID STATE DEVICE THEORY WITH ILLUSTRATIVE PROBLEMS
260 ## - PUBLICATION, DISTRIBUTION, ETC.
Place of publication, distribution, etc. NEWYORK
Name of publisher, distributor, etc. MCGRAW HILL
Date of publication, distribution, etc. 1972
300 ## - PHYSICAL DESCRIPTION
Extent 232P
942 ## - ADDED ENTRY ELEMENTS (KOHA)
Koha item type Book
Holdings
Withdrawn status Lost status Damaged status Not for loan Permanent Location Current Location Shelving location Date acquired Total Checkouts Full call number Barcode Date last seen Price effective from Koha item type
        College of Electrical & Mechanical Engineering (CEME) College of Electrical & Mechanical Engineering (CEME) General Stacks 06/05/2017   621.381 CUT'S CEME-10138 06/28/2021 06/28/2021 Book
© 2023 Central Library, National University of Sciences and Technology. All Rights Reserved.